Statistics for Crazy City Names

Click here to take the quiz!

General Stats

  • This quiz has been taken 10 times
  • The average score is 7 of 20

Answer Stats

QuestionAnswer% Correct
PennsylvaniaIntercourse
90%
AlaskaDead Horse
80%
ArkansasToad Suck
80%
OklahomaCookietown
70%
IndianaSanta Clause
70%
MinnesotaEmbarrass
50%
OhioKnockemstiff
40%
MassachusettsSatan’s Kingdom
40%
TexasDing Dong
30%
NebrasskaFunk
30%
ArizonaNothing
30%
KentuckyRabbit Hash
30%
AlaskaChicken
20%
TexasCut and Shoot
20%
PennsylvaniaGlen Campbell
20%
KentuckyHell for Certain
20%
QuebecSaint-Louis-du-Ha! Ha!
10%
FloridaTwo Egg
10%
MississippiHot Coffee
0%
OregonIdiotville
0%

Score Distribution

Percentile by Number Answered

Percent of People with Each Score

Your Score History

You have not taken this quiz